| Tag |
First Indicator |
Second Indicator |
Subfields |
| LEADER |
00000cam a2200000 4500 |
| 001 |
in00000027550 |
| 005 |
20151007062638.0 |
| 008 |
750528r19631950caua 00000 eng u |
| 010 |
|
|
|a 63008167
|
| 035 |
|
|
|a (OCoLC)01357822
|
| 035 |
|
|
|9 AAD5441AM
|
| 040 |
|
|
|c ORL
|d TXA
|d UtOrBLW
|
| 049 |
|
|
|a TXAM
|c [364722]
|
| 050 |
|
0 |
|a PN1992.7
|b .H4 1963
|
| 082 |
0 |
|
|a 808.22
|
| 092 |
|
|
|a 808.22
|b H437t
|
| 100 |
1 |
|
|a Heath, Eric.
|
| 245 |
1 |
0 |
|a Television writer's handbook /
|c With foreword by Bob Hope.
|
| 250 |
|
|
|a [3d rev. ed.].
|
| 264 |
|
1 |
|a Los Angeles :
|b Brewster Publications,
|c [1963]
|
| 300 |
|
|
|a 270 pages :
|b illustrations ;
|c 22 cm.
|
| 336 |
|
|
|a text
|b txt
|2 rdacontent
|
| 337 |
|
|
|a unmediated
|b n
|2 rdamedia
|
| 338 |
|
|
|a volume
|b nc
|2 rdacarrier
|
| 490 |
0 |
|
|a A Best publication
|
| 500 |
|
|
|a First published in 1950 under title: Writing for television.
|
| 650 |
|
0 |
|a Television authorship.
|
| 999 |
|
|
|a MARS
|
| 999 |
f |
f |
|s 761451cd-b3ec-3692-8c0b-d018fb7d00c8
|i aafa63bb-4540-370c-8dc9-3260ec660888
|t 0
|
| 952 |
f |
f |
|p ric
|a Texas A&M University
|b Rellis Campus
|c Joint Library Facility
|d Remote Storage
|t 0
|e PN1992.7 .H4 1963
|h Library of Congress classification
|i unmediated -- volume
|m A14801197954
|
| 998 |
f |
f |
|a PN1992.7 .H4 1963
|t 0
|l Remote Storage
|